Cultura general sobre historia #1 - Estadísticas

Estadísticas generales
  • Esta prueba ha sido intentada 6.168 veces
    6.106 desde el último reinicio
  • La puntuación promedio es 16 de 20
Estadísticas de respuestas
Pregunta Respuesta % Correcto
¿En qué continente actual surgió la humanidad? África
94%
¿En qué país actual se originó la civilización Azteca? México
94%
¿En qué país nació Adolf Hitler? Austria
92%
¿En qué país nació Juana de Arco? Francia
90%
¿Cuál fue el primer presidente de los Estados Unidos? George Washington
88%
Después de Lenin, ¿quién fue oficialmente líder de la Unión Soviética? Iósif Stalin
86%
Segun la leyenda, ¿quién fundó Roma? Rómulo
84%
¿Por qué animal fueron alimentados los fundadores de Roma? Lobo
80%
¿Quien fue el primer Emperador Romano? Julio César Augusto
79%
¿Quién creó la Unión Soviética? Vladimir Lenin
79%
¿Cuál es el nombre de la última batalla en la que Napoleón Bonaparte fue derrotado? Waterloo
79%
¿Qué partido organizó la respuesta de la pregunta anterior? El Partido Nazi
77%
Según la Biblia, ¿en qué pueblo nació Jesús? Belén
75%
¿Cuáles fueron los 4 grandes inventos de China? (nombra solo uno) El Papel / La Brújula / La Pólvora / La Imprenta
73%
¿Quién fue el fundador del socialismo científico? Karl Marx
72%
Según la Biblia, ¿de qué mar separó las aguas Moisés? Mar Rojo
72%
¿Cuál fue el genocidio más grande de la historia? El Holocausto
69%
¿Quién empezó la Reforma protestante? Martín Lutero
65%
¿Cuánto duró "La Guerra de los cien años? 116 años
59%
¿En qué año cayó el Imperio Romano del Occidente (la caída de Roma)? 476 d. C.
51%
No se encontraron pruebas coincidentes
Distribución de puntuación
Porcentaje de gente con cada puntuación
Porcentaje por número respondido
Historial de tus puntuaciones
No has intentado esta prueba desde el último reinicio